CONTE ARABE EN DIALECTE ÉGYPTIEN,

محفوظ في:

المؤلف الرئيسي: M. MAX VAN BERCHEM..

التنسيق: كتاب

اللغة: Undetermined

منشور في: Paris IMPRIMERIE NATIONALE. 1887

الوسوم: إضافة وسم

لا توجد وسوم, كن أول من يضع وسما على هذه التسجيلة!

رقم الطلب: (R)P41 BERC

LEADER 00343nam a2200121Ia 4500
008 240404s9999||||xx |||||||||||||| ||und||
050 4 |a (R)P41 BERC 
100 1 |a M. MAX VAN BERCHEM.. 
245 1 0 |a CONTE ARABE EN DIALECTE ÉGYPTIEN,  |c M. MAX VAN BERCHEM. 
264 1 |a Paris  |b IMPRIMERIE NATIONALE.  |c 1887 
300 |a 31  |c 22 
942 |2 lcc  |c BK 
999 |c 58053  |d 58053